| 000 | 00885cam a22002655a 4500 | ||
|---|---|---|---|
| 001 | 18413244 | ||
| 005 | 20201128023908.0 | ||
| 008 | 141222t2015 flua frb 001 0 eng d | ||
| 020 | _a9781482251883 | ||
| 040 |
_aDLC _beng _cDLC _dDLC _dEG-ScBUE |
||
| 082 | 0 | 4 |
_a005.1 _222 _bSOL |
| 100 | 1 | _aSolomon, Justin | |
| 245 | 1 | 0 |
_aNumerical algorithms : _bmethods for computer vision, machine learning, and graphics / _cJustin Solomon. |
| 260 |
_aBoca Raton : _bCRC Press / Taylor & Francis Group, _cc.2015. |
||
| 300 |
_axx, 379 p. : _bill. ; _c27 cm. |
||
| 500 | _aIndex : p. 369-379. | ||
| 504 | _aBibliography : p. 361-368. | ||
| 650 | 7 |
_aComputer algorithms. _2BUEsh _910553 |
|
| 650 | 7 |
_aComputer vision. _2BUEsh _918312 |
|
| 650 | 7 |
_aImage processing. _2BUEsh _936950 |
|
| 650 | 7 |
_aMachine learning. _2BUEsh _92922 |
|
| 651 | _2BUEsh | ||
| 653 |
_bCOMSCI _cOctober2016 |
||
| 942 | _2ddc | ||
| 999 |
_c22658 _d22630 |
||